书目信息 |
| 题名: |
神箭凌霄
|
|
| 作者: | 陈闽慷 , 茹家欣 著 | |
| 分册: | ||
| 出版信息: | 上海 上海科技教育出版社 2007.10 |
|
| 页数: | 189页 | |
| 开本: | 21cm | |
| 丛书名: | 嫦娥书系 | |
| 单 册: | ||
| 中图分类: | V475.1-49 | |
| 科图分类: | ||
| 主题词: | 运载火箭--yun zai huo jian--发展--概况 | |
| 电子资源: | ||
| ISBN: | 978-7-5428-4113-1 | |
| 000 | 00992nam 2200277 450 | |
| 001 | 012008479788 | |
| 005 | 20080419092110.53 | |
| 010 | @a978-7-5428-4113-1@dCNY25.80 | |
| 100 | @a20080419d2007 em y0chiy0120 ea | |
| 101 | 0 | @achi |
| 102 | @aCN@b310000 | |
| 105 | @aac z 000yy | |
| 106 | @ar | |
| 200 | 1 | @a神箭凌霄@Ashen jian ling xiao@e长征系列火箭的发展历程@f陈闽慷, 茹家欣著@Fchen min kang,ru jia xin zhu |
| 210 | @a上海@c上海科技教育出版社@d2007.10 | |
| 215 | @a189页@c图, 肖像@d21cm | |
| 225 | 2 | @a嫦娥书系@Achang e shu xi@v3 |
| 330 | @a本书系统追忆中国长征系列火箭的成长过程并展示未来的美好前景,是一首中国“神箭”的赞歌。 | |
| 410 | 0 | @12001 @a嫦娥书系 |
| 517 | 1 | @a长征系列火箭的发展历程@Achang zheng xi lie huo jian de fa zhan li cheng |
| 606 | 0 | @a运载火箭@Ayun zai huo jian@x发展@x概况 |
| 690 | @aV475.1-49@v4 | |
| 701 | 0 | @a陈闽慷@Achen min kang@4著 |
| 701 | 0 | @a茹家欣@Aru jia xin@4著 |
| 801 | 0 | @aCN@bQSSK@c20080419 |
| 905 | @b294000-02@dV475.1-49@eC513@f3 | |
| 神箭凌霄:长征系列火箭的发展历程/陈闽慷, 茹家欣著.-上海:上海科技教育出版社,2007.10 |
| 189页:图, 肖像;21cm.-(嫦娥书系;3) |
| ISBN 978-7-5428-4113-1:CNY25.80 |
| 本书系统追忆中国长征系列火箭的成长过程并展示未来的美好前景,是一首中国“神箭”的赞歌。 |
| ● |
| 相关链接 |
|
|
|
正题名:神箭凌霄
索取号:V475.1-49/C513
 
预约/预借
| 序号 | 登录号 | 条形码 | 馆藏地/架位号 | 状态 | 备注 |
| 1 | 294000 | 202940005 | 自科库501/501自科库 90排1列5层/ [索取号:V475.1-49/C513] | 在馆 | |
| 2 | 294001 | 202940014 | 期刊室512/501自科库 90排1列5层/ [索取号:V475.1-49/C513] | 在馆 | |
| 3 | 294002 | 202940023 | 自科库501/501自科库 90排1列5层/ [索取号:V475.1-49/C513] | 在馆 |